India migration report 2014 : (Record no. 85034)

MARC details
000 -LEADER
fixed length control field 00658nam a22001937a 4500
005 - DATE AND TIME OF LATEST TRANSACTION
control field 20140623114449.0
010 ## - LCCN (DPL NO)
LC control number ENG-110231
020 ## - INTERNATIONAL STANDARD BOOK NUMBER
International Standard Book Number 9781138788190
Terms of availability 850.00
035 ## - SYSTEM CONTROL NUMBER
System control number EN-93763
037 ## - SOURCE OF ACQUISITION
Source of stock number/acquisition DBAD/PUB
082 ## - DEWEY DECIMAL CLASSIFICATION NUMBER
Classification number 301.3260954
245 ## - TITLE STATEMENT
Title India migration report 2014 :
Statement of responsibility, etc edited by S. Irudaya Rajan
Remainder of title diaspora and development /
260 ## - PUBLICATION, DISTRIBUTION, ETC. (IMPRINT)
Place of publication, distribution, etc New Delhi
Name of publisher, distributor, etc Routledge
Date of publication, distribution, etc 2014
270 ## - ADDRESS
Address 912, Tolstoy House, 15-17 Tolstoy Marg, Connaught Place
City New Delhi
Postal code 110001
300 ## - PHYSICAL DESCRIPTION
Extent xx,314p.
Dimensions 23cm(Hb)
500 ## - GENERAL NOTE
General note Includes bibliographical references and index
700 ## - ADDED ENTRY--PERSONAL NAME
Personal name Rajan, S. Irudaya
942 ## - ADDED ENTRY ELEMENTS (KOHA)
Source of classification or shelving scheme Dewey Decimal Classification
Item type English Books
Call number suffix IND
Classification part 301.3260954
Holdings
Withdrawn status Lost status Not for loan Collection code Home library Current library Date acquired Source of acquisition Cost, normal purchase price Full call number Barcode Copy number Cost, replacement price Koha item type
    Not For Loan Non-fiction D.B.Act.Division D.B.Act.Division 11/06/2014 DBAD/PUB 850.00 301.3260954 IND EN-93763 1 850.00 English Books

© Delhi Public Library
Hit Counter
free hit counter